000 00611nam a22001937a 4500
003 OSt
005 20240624120030.0
008 240624b |||||||| |||| 00| 0 eng d
020 _a0521589908
040 _aMUST
_cMUST
082 _a530.42 BOS 1995
100 _aEdited by A. Griffin, D.W. Snoke and S.Stringari.
_917664
245 _aBose- Einstein Condensation/
_cEdited by A. Griffin ,D. W. Snoke, and S.Stringari,
260 _aNY:
_bCambridge University;
_c1995.
300 _axiii,602p.:
_bill;
_c22.8cm.
504 _aIncludes Bibliographical Indexes
650 _aPhysics
_9809
942 _2ddc
_cO_SHELF
999 _c8738
_d8738